| 000 | 01301cab a2200229 4500 | ||
|---|---|---|---|
| 001 | X1259 | ||
| 008 | 090401t1994 xxu||||| |||| 00| 0 eng d | ||
| 035 | _a(Sirsi) u15861 | ||
| 041 | _aeng | ||
| 245 | _aBritish Railways Board v SoS Environment and others | ||
| 260 | _c1994 | ||
| 350 | _a0 | ||
| 490 |
_aJournal of Planning and Environment Law _v1994 JPL 32-40(9) |
||
| 520 | _aOutline planning permission - housing development - former marshalling yard vehicular access on land not owned by applicant - Grampian condition - no reasonable prospect of fulfilment of the condition within five year life span of permission - HL held that Jones v SoS Wales and Ogwr BC was wrongly decided and had to be overruled - if a condition was negative in character and appropriate in the light of sound planning prinicples, the fact that it appeared to have no reasonable prospects of being implemented did not mean that the grant of planning permission would be irrational in the Wednesbury sense so that it would be unlawful to grant it. (Headnote on journal) | ||
| 650 | _aGRAMPIAN CONDITIONS | ||
| 650 | _aJONES V SOS WALES AND OGWR BC | ||
| 650 | _aOUTLINE PLANNING PERMISSION | ||
| 650 | _aVEHICULAR ACCESS | ||
| 690 | _aPLANNING LAW AND PRACTICE-CASE LAW | ||
| 942 | _n0 | ||
| 948 | _c04/03/1997 | ||
| 999 |
_c10442 _d10442 |
||